01222nab a22001697a 4500003000400000005001700004008004100021040000700062100002300069245011000092260007200202300001300274505053600287505008900823650001800912773012200930OSt20260122065708.0190502c xxu||||| |||| 00| 0 spa d cPJ aSandhagen, Alberto13aEl delito de negociaciones incompatibles con el ejercicio de la función pública /cAlberto Sandhagen. aCiudad Autónoma de Buenos Aires :bThomson Reuters La Ley,c2024. ap. 17-40 aSumario: I. Introducción del presente trabajo.— II. Bien jurídico tutelado.— III. Sujetos activos del delito de negociación incompatible.— IV. La conducta sancionada por el delito del art. 265 del Cód. Penal.— V. La naturaleza del beneficio perseguido por la conducta típica.— VI. La consumación de la conducta típica.— VII. El tipo subjetivo del art. 265.— VIII. Responsabilidad de las personas jurídicas.— IX. Cuestiones relativas a las sanciones de la figura penal.— X. Consideraciones finales  t¿Te interesa el texto completo? Solicitalo al correo: koha@justierradelfuego.gov.ar 0aDERECHO PENAL0 02729dBuenos Aires : LexisNexis, 2006-tRevista de derecho penal y procesal penal. Nº 10 - Octubre 2024z9875920622